| 000 | 00000nam 2200000za 4500 |
| 001 | 9.817828 |
| 003 | CaOODSP |
| 005 | 20221107142552 |
| 007 | cr ||||||||||| |
| 008 | 160623s2016 onc ob f000 0 eng d |
| 020 | |a978-0-660-05462-9 |
| 040 | |aCaOODSP|beng |
| 043 | |an-cn--- |
| 086 | 1 |aA118-10/15-2014E-PDF |
| 245 | 00|aCrop profile for greenhouse cucumber in Canada, 2014 |h[electronic resource] / |cprepared by Pesticide Risk Reduction Program, Pest Management Centre, Agriculture and Agri-Food Canada. |
| 250 | |a3rd ed. |
| 260 | |a[Ottawa] : |bAgriculture and Agri-Food Canada, |cc2016. |
| 300 | |a45 p. |
| 500 | |aIssued also in French under title: Profil de la culture du concombre de serre au Canada, 2014. |
| 504 | |aIncludes bibliographical references. |
| 692 | 07|2gccst|aVegetable crops |
| 692 | 07|2gccst|aPlant diseases |
| 692 | 07|2gccst|aPests |
| 692 | 07|2gccst|aPesticides |
| 710 | 1 |aCanada. |bAgriculture and Agri-Food Canada. |
| 710 | 2 |aPesticide Risk Reduction Program (Canada) |
| 775 | 08|tProfil de la culture du concombre de serre au Canada, 2014 |w(CaOODSP)9.817830 |
| 794 | |tCrop profile for greenhouse cucumber in Canada, 2017 / |w(CaOODSP)9.885199 |
| 856 | 40|qPDF|s866 KB|uhttps://publications.gc.ca/collections/collection_2016/aac-aafc/A118-10-15-2014-eng.pdf |
| 986 | |aAAFC No. 12502E |